| 000 | 00846nas a2200265 4500 | ||
|---|---|---|---|
| 001 | BR0404586 | ||
| 003 | BR-BrBNA | ||
| 005 | 20231205104845.0 | ||
| 007 | ta | ||
| 008 | 230509b bl.|||p| |||| 00| 00por d | ||
| 040 |
_aBR-BrBNA _bpor _cBiblioteca Nacional de Agricultura |
||
| 041 | _a(Pt) | ||
| 072 | _aQ70 | ||
| 100 | 1 | _aRodrigues, R.S. | |
| 100 | 1 | _aSelbach, P.A. | |
| 245 | 1 | _aRedução de carga poluidora em lodo de suinocultura através de filtração | |
| 650 | _aSUÍNOCULTURA | ||
| 650 | _aFILTRAÇÃO | ||
| 650 | _aTRATAMENTO | ||
| 650 | _aLODO RESIDUAL | ||
| 773 | 0 |
_tRevista Brasileira de Agrociência (Brazil) _xISSN 0104-8996 _g(Oct-Dec 2003), v. 9(4) p. 407-411 _wBR0404586 |
|
| 856 | 4 | 0 | _uhttp://www.ufpel.tche.br/faem/agrociencia/v9n4/artigo17.pdf |
| 909 |
_a202311 _bLúcia _c55 _dLúcia Elande |
||
| 942 |
_2AGRIS _n0 _cANA |
||
| 999 |
_c179997 _d179997 |
||